00923 2200193 4500245008600000020002200086250001100108100001300119700001700132650001700149650001300166005001900179260004200198041001400240084001100254300002300265500043200288336000900720 aJay & Wilow b : Petualangan Wartawan Geje Superhero SupermellowcDeanmedihText a978-602-03-0209-6 aCet. 1 aDeanmedi aGendukgendis aNovel Remaja aMetropop a20240125112716 aJakartabGramedia Pustaka Utamac2014 aIndonesia a808.83 a200 hlm. :c20 cm. aIni petualangan Jay & Wilow, dua anak seni rupa yang kecebur jadi wartawn tabloid politik, dan punya banyak cerita. Mulai dari jay yang sempat pingsan lantaran ketakutan harus mewawancarai Ahok, sampai liputan Wilow di rumah tahanan. Belum lagi liputan yang menggoda kewarasan mental di RSJ! Sementara peristiwa aneh muncul di kantor mereka, mulai dari lenyapnya undangan-undangan liputan sampai munculnya kiriman lemper seger. atext